| 000 | 00433nam a22001337a 4500 | ||
|---|---|---|---|
| 999 |
_c15120 _d15120 |
||
| 008 | 200304b ||||| |||| 00| 0 eng d | ||
| 100 |
_941855 _aRegalado, Edith. |
||
| 245 |
_aPalace concedes poverty still high/ _cEdith Regalado and Alexis Romero. |
||
| 260 |
_aPhilippines; _bThe Philippine Star, _c©2019. |
||
| 300 |
_apage 3; _c29.5cm. |
||
| 650 |
_aPoverty. _941857 |
||
| 700 |
_941856 _aRomero, Alexis. _eAuthor. |
||
| 942 |
_2ddc _cPER |
||